00657nam a22001817a 4500003000400000008004100004020001800045082001500063100002000078245007400098250001300172260005300185300001100238650001100249942001300260999001700273952018500290OSt241023b |||||||| |||| 00| 0 eng d a9788190402521 a670.42 KUP aKUMAR, Jitendra aPollution control and human Resource management in Textile Industries a1st. ed. aDelhi,bPankaj Publication International,c2010, a138 p. aB.FAd. 2ddccREF c12952d12952 00102ddc40708BFADaPIETNCRbPIETNCRd2024-10-01ePankaj Publication InternationalfIn Rupeesg995.00kPPI-15l0o670.42 KUPpN3785r2024-10-23 00:00:00v726.35w2024-10-01yREF